000 00391nam a2200169 a 4500
001 6406
003 CO-ViMGA
008 141112s2004 ck r 000 u spa d
040 _aCO-ViMGA
_bspa
_cCO-ViMGA
082 0 4 _a131.3 K672e
100 1 _aKorda, Michael
_95163
245 1 0 _aEl exito
260 _aBuenos Aires :
_bEmece,
_c1992
300 _a349 p
650 1 4 _aEXITO
942 _2ddc
_cBK
999 _c18376
_d18376